000 00854nam a2200301Ia 4500
008 171120s9999 xx 000 0 und d
020 _a9.7818423644e+012
050 _a398.2
050 _bP243 2007
100 _aParker, Victoria
245 _aMyths and legends /
245 _cby Victoria Parker.
260 _aGreat Bardfield :
260 _bMiles Kelly Publishing Ltd.,
260 _c2007
300 _a61 pages :
300 _bcolor illustrations ;
300 _c30cm.
440 _a1000 things you should know about.
650 _aLegends --
650 _aLegends.
650 _aMythology --
650 _xMiscellanea -- Juvenile literature.
650 _xMiscellanea -- Juvenile literature.
700 _aSeries : One thousand things you should know about myths and legends.
700 _aSeries.
700 _aTitle.
999 _c345201
_d345201